[Event "Ambelokipi op 161th"]
[Site "Athens"]
[Date "2016.11.16"]
[Round "2"]
[White "Delithanasis, Dimitrios"]
[Black "Fakkas, Argiris"]
[Result "1-0"]
[WhiteElo "2017"]
[BlackElo "1686"]
[PlyCount "49"]
[EventDate "2016.11.09"]
[EventType "swiss"]
[EventRounds "7"]
[EventCountry "GRE"]
[SourceTitle "EXT 2024"]
[Source "ChessBase"]
[SourceDate "2023.10.10"]
[SourceVersion "1"]
[SourceVersionDate "2023.10.10"]
[SourceQuality "1"]

1. d4 d5 2. Bf4 Nf6 3. e3 Bf5 4. c4 c6 5. Nc3 e6 6. Qb3 Qb6 7. c5 Qxb3 8. axb3 Nbd7 9. b4 Nh5 10. Nf3 Nxf4 11. exf4 Be7 12. b5 0-0 13. b4 cxb5 14. Bxb5 Nf6 15. 0-0 Ne4 16. Rfc1 f6 17. Nh4 Nxc3 18. Rxc3 Bg4 19. h3 Bh5 20. Bd7 Bf7 21. Re1 f5 22. Nf3 Bf6 23. b5 h6 24. c6 bxc6 25. bxc6 1-0

[Event "Athens Siaperas Memorial 12th"]
[Site "Athens"]
[Date "2016.01.31"]
[Round "4"]
[White "Krallis, Christos"]
[Black "Fakkas, Argiris"]
[Result "1/2-1/2"]
[WhiteElo "1884"]
[BlackElo "1721"]
[PlyCount "102"]
[EventDate "2016.01.09"]
[EventType "swiss"]
[EventRounds "7"]
[EventCountry "GRE"]
[SourceTitle "EXT 2024"]
[Source "ChessBase"]
[SourceDate "2023.10.10"]
[SourceVersion "1"]
[SourceVersionDate "2023.10.10"]
[SourceQuality "1"]

1. e4 e5 2. Nf3 Nf6 3. Nc3 Bb4 4. Bc4 Nc6 5. d3 h6 6. 0-0 0-0 7. a3 Bxc3 8. bxc3 d5 9. exd5 Nxd5 10. Bd2 Bg4 11. h3 Bh5 12. Re1 Re8 13. Bb5 Qf6 14. Bxc6 bxc6 15. c4 Bxf3 16. Qxf3 Qxf3 17. gxf3 Nf4 18. Bxf4 exf4 19. Kf1 Rxe1+ 20. Kxe1 Rb8 21. Kd2 f6 22. Re1 Kf7 23. Kc3 g5 24. Re4 c5 25. Re1 Rb6 26. a4 Re6 27. Rb1 Rb6 28. Rb5 Rxb5 29. cxb5 f5 30. Kc4 h5 31. Kd5 g4 32. fxg4 fxg4 33. hxg4 hxg4 34. Ke4 g3 35. fxg3 fxg3 36. Kf3 Ke6 37. Kxg3 Kd5 38. c3 c4 39. d4 Ke4 40. a5 Kd3 41. d5 Kxc3 42. d6 cxd6 43. b6 axb6 44. axb6 Kd2 45. b7 c3 46. b8Q c2 47. Qxd6+ Kc3 48. Qc5+ Kb2 49. Qb4+ Ka2 50. Qc4+ Kb1 51. Qb3+ Ka1 1/2-1/2

[Event "Athens ChessSquare Autumn op"]
[Site "Athens"]
[Date "2015.10.17"]
[Round "5"]
[White "Vazelakis, Dimitrios"]
[Black "Fakkas, Argiris"]
[Result "1-0"]
[WhiteElo "1984"]
[BlackElo "1685"]
[PlyCount "71"]
[EventDate "2015.09.19"]
[EventType "swiss"]
[EventRounds "7"]
[EventCountry "GRE"]
[SourceTitle "EXT 2024"]
[Source "ChessBase"]
[SourceDate "2023.10.10"]
[SourceVersion "1"]
[SourceVersionDate "2023.10.10"]
[SourceQuality "1"]

1. c4 e5 2. g3 Nf6 3. Bg2 d5 4. cxd5 Nxd5 5. Nf3 Nc6 6. Nc3 Nb6 7. 0-0 Be7 8. a3 0-0 9. b4 Be6 10. b5 Nd4 11. Rb1 Nxf3+ 12. Bxf3 Rb8 13. d3 Nd5 14. Bd2 f6 15. Qa4 Nxc3 16. Bxc3 Bd5 17. e4 Be6 18. Rfd1 Bc5 19. d4 exd4 20. Bxd4 Qe7 21. Bxc5 Qxc5 22. Qb4 Qxb4 23. Rxb4 Rfd8 24. Rc1 Rd7 25. Kg2 Ra8 26. e5 Bd5 27. Bxd5+ Rxd5 28. exf6 gxf6 29. Rxc7 b6 30. Re4 Rxb5 31. Ree7 Ra5 32. Rg7+ Kf8 33. Rgf7+ Ke8 34. Rxf6 Rxa3 35. Rxh7 b5 36. Rf5 1-0

[Event "Athens ChessSquare Autumn op"]
[Site "Athens"]
[Date "2015.09.26"]
[Round "2"]
[White "Delithanasis, Dimitrios"]
[Black "Fakkas, Argiris"]
[Result "1-0"]
[WhiteElo "2105"]
[BlackElo "1685"]
[PlyCount "47"]
[EventDate "2015.09.19"]
[EventType "swiss"]
[EventRounds "7"]
[EventCountry "GRE"]
[SourceTitle "EXT 2024"]
[Source "ChessBase"]
[SourceDate "2023.10.10"]
[SourceVersion "1"]
[SourceVersionDate "2023.10.10"]
[SourceQuality "1"]

1. d4 d5 2. c4 c6 3. Nf3 Nf6 4. Nc3 dxc4 5. a4 Bf5 6. Ne5 Nbd7 7. Nxc4 e6 8. f3 Bb4 9. g4 Nxg4 10. fxg4 Qh4+ 11. Kd2 Qxg4 12. e3 Qh4 13. Qe1 Qe4 14. Nd6+ Bxd6 15. Nxe4 Bxe4 16. Kc3 Bxh1 17. Bd3 Bf3 18. e4 e5 19. Be3 0-0-0 20. Qf2 Bh5 21. dxe5 Nxe5 22. Qf5+ Rd7 23. Qxh5 g6 24. Qh3 1-0

[Event "Ambelokipi op 155th"]
[Site "Athens"]
[Date "2015.09.16"]
[Round "1"]
[White "Skalkotas, Nikolaos"]
[Black "Fakkas, Argiris"]
[Result "1/2-1/2"]
[WhiteElo "2227"]
[BlackElo "1685"]
[PlyCount "88"]
[EventDate "2015.09.16"]
[EventType "swiss"]
[EventRounds "7"]
[EventCountry "GRE"]
[SourceTitle "EXT 2024"]
[Source "ChessBase"]
[SourceDate "2023.10.10"]
[SourceVersion "1"]
[SourceVersionDate "2023.10.10"]
[SourceQuality "1"]

1. c4 e5 2. Nc3 Nf6 3. Nf3 Nc6 4. e4 d6 5. d4 exd4 6. Nxd4 Bd7 7. Be2 Be7 8. Be3 0-0 9. g4 Nxd4 10. Bxd4 Bc6 11. Qc2 Nd7 12. 0-0-0 Bf6 13. Kb1 Bxd4 14. Rxd4 Qf6 15. Rdd1 Qxf2 16. h4 Ne5 17. b4 a6 18. g5 Qe3 19. h5 Qxg5 20. h6 g6 21. Qb2 f5 22. c5 Qe3 23. cxd6 cxd6 24. Rhe1 Qxh6 25. Rxd6 Rad8 26. Rxd8 Rxd8 27. exf5 Qd2 28. Qxd2 Rxd2 29. fxg6 hxg6 30. Bxa6 bxa6 31. Rxe5 Rd6 32. a4 Rd4 33. b5 axb5 34. axb5 Bf3 35. Kb2 Kg7 36. Ka3 Kf6 37. Re8 Kg5 38. Re5+ Kg4 39. Re6 g5 40. b6 Rd8 41. Na4 Kg3 42. Nc5 Ra8+ 43. Kb4 g4 44. Kb5 Kh2 1/2-1/2

[Event "Ambelokipi op 141st"]
[Site "Athens"]
[Date "2014.02.19"]
[Round "7"]
[White "Nemtsas, Hristoforos"]
[Black "Fakkas, Argiris"]
[Result "1-0"]
[WhiteElo "1934"]
[BlackElo "1714"]
[PlyCount "99"]
[EventDate "2014.01.08"]
[EventType "swiss"]
[EventRounds "7"]
[EventCountry "GRE"]
[SourceTitle "EXT 2016"]
[Source "ChessBase"]
[SourceDate "2015.10.08"]
[SourceVersion "1"]
[SourceVersionDate "2015.10.08"]
[SourceQuality "1"]

1. d4 d5 2. c4 c6 3. Nc3 Nf6 4. Nf3 dxc4 5. a4 Bf5 6. Nh4 Bg6 7. Nxg6 hxg6 8. e4 e6 9. Bxc4 Nbd7 10. 0-0 Be7 11. Bf4 0-0 12. Qe2 Nb6 13. Rfd1 Nxc4 14. Qxc4 Qb6 15. a5 Qb4 16. Qe2 Bd8 17. Ra4 Qe7 18. Bg5 Qc7 19. a6 b5 20. Raa1 Be7 21. Rac1 Qa5 22. Ra1 Qc7 23. d5 b4 24. Bxf6 gxf6 25. Na4 cxd5 26. exd5 exd5 27. Rxd5 Rad8 28. Rb5 Rb8 29. Re1 Bd6 30. g3 Rxb5 31. Qxb5 Rb8 32. Qd5 Be5 33. Rd1 Qc2 34. b3 Rc8 35. Kf1 Qc7 36. Qd7 Qxd7 37. Rxd7 Rc7 38. Rxc7 Bxc7 39. Ke2 Kf8 40. Kd3 Ke7 41. Kc4 Bd6 42. Nc5 f5 43. Nd3 Kf6 44. Nxb4 Bxb4 45. Kxb4 Kg5 46. Kc4 Kg4 47. b4 Kf3 48. b5 Kxf2 49. b6 axb6 50. a7 1-0

[Event "Ambelokipi op 141st"]
[Site "Athens"]
[Date "2014.02.12"]
[Round "6"]
[White "Touloupas, Andreas"]
[Black "Fakkas, Argiris"]
[Result "0-1"]
[WhiteElo "1698"]
[BlackElo "1714"]
[PlyCount "56"]
[EventDate "2014.01.08"]
[EventType "swiss"]
[EventRounds "7"]
[EventCountry "GRE"]
[SourceTitle "EXT 2016"]
[Source "ChessBase"]
[SourceDate "2015.10.08"]
[SourceVersion "1"]
[SourceVersionDate "2015.10.08"]
[SourceQuality "1"]

1. e4 e5 2. Nf3 Nf6 3. Nc3 Bb4 4. Bc4 Nc6 5. 0-0 0-0 6. Nd5 Nxe4 7. Nxb4 Nxb4 8. Nxe5 d5 9. Bb3 Nc5 10. d4 Nxb3 11. axb3 Bf5 12. c4 f6 13. Ng4 Bd3 14. Bd2 Nc2 15. Bf4 dxc4 16. bxc4 Qxd4 17. Be3 Qe4 18. Bc5 Bxf1 19. f3 Qxc4 20. Bxf8 Kxf8 21. Qxf1 Qd4+ 22. Nf2 Nxa1 23. Qxa1 Re8 24. Qa3+ Qd6 25. Qc3 Qe5 26. Qb4+ c5 27. Qe4 Qxb2 28. Nd1 Qd2 0-1

[Event "Ambelokipi op 140th"]
[Site "Athens"]
[Date "2013.11.23"]
[Round "3"]
[White "Koutsidis, Achilleas"]
[Black "Fakkas, Argiris"]
[Result "0-1"]
[WhiteElo "1794"]
[BlackElo "1679"]
[PlyCount "62"]
[EventDate "2013.11.11"]
[EventType "swiss"]
[EventRounds "7"]
[EventCountry "GRE"]
[SourceTitle "EXT 2024"]
[Source "ChessBase"]
[SourceDate "2023.10.10"]
[SourceVersion "1"]
[SourceVersionDate "2023.10.10"]
[SourceQuality "1"]

1. d4 d5 2. c4 c6 3. cxd5 cxd5 4. Nf3 Nf6 5. Nc3 Nc6 6. Bf4 Bf5 7. e3 e6 8. Qb3 Qb6 9. Qxb6 axb6 10. Bb5 Bb4 11. 0-0 0-0 12. Na4 Ra5 13. Bxc6 bxc6 14. b3 b5 15. a3 Be7 16. Nc5 Rfa8 17. Ne5 Bxc5 18. dxc5 Rxa3 19. Rxa3 Rxa3 20. Nxc6 Rxb3 21. Ne7+ Kf8 22. Bd6 Ke8 23. f3 Kd8 24. Ra1 Rb1+ 25. Rxb1 Bxb1 26. c6 Ne8 27. Bb4 Nc7 28. Kf2 Na6 29. Bd6 b4 30. Bxb4 Nxb4 31. c7+ Kxc7 0-1